GUIDE TO INSOLVENCY & BANKRUPTCY CODE (Record no. 27932)

MARC details
000 -LEADER
fixed length control field 00470nam a22001577a 4500
003 - CONTROL NUMBER IDENTIFIER
control field SGT
020 ## - INTERNATIONAL STANDARD BOOK NUMBER
International Standard Book Number 9788196617127
082 ## - DEWEY DECIMAL CLASSIFICATION NUMBER
Classification number 346.78094
Item number JAI
100 ## - MAIN ENTRY--PERSONAL NAME
Personal name JAIN D K
245 ## - TITLE STATEMENT
Title GUIDE TO INSOLVENCY & BANKRUPTCY CODE
Remainder of title BASED ON THE INSOLVENCY & BANKRUPTCY CODE 2016 AND RULES AND REGULATIONS NOTIFIED THEREUNDER ALONG WITH COMMENTARY AND CASE LAWS
250 ## - EDITION STATEMENT
Edition statement 4
260 ## - PUBLICATION, DISTRIBUTION, ETC. (IMPRINT)
Place of publication, distribution, etc NEW DELHI
Name of publisher, distributor, etc BHARAT
Year of Publication 2024
300 ## - PAGE DESCRIPTION
No. of Pages 2470
490 ## - SERIES STATEMENT
Series statement I-II
942 ## - ADDED ENTRY ELEMENTS (KOHA)
Source of classification or shelving scheme Dewey Decimal Classification
Koha item type Books
Holdings
Withdrawn status Lost status Source of classification or shelving scheme Damaged status Not for loan Collection code Home library Current library Shelving location Date acquired Vendor Name Cost, normal purchase price Volume Information (Serial or Books or Non-Book Material) SGTU Bill Number Full call number Accession No. (Barcode) Date last seen Bill Date Koha item type
    Dewey Decimal Classification   Not For Loan LAW SGT Science & Social Sciences Library SGT Science & Social Sciences Library Reference Book 03/12/2024 COMMERCIAL BOOK HOUSE 4195.00 I SGTU 994 346.78094 JAI FL3662 03/12/2024 05/11/2024 Books
    Dewey Decimal Classification     LAW SGT Science & Social Sciences Library SGT Science & Social Sciences Library Text Book 03/12/2024 COMMERCIAL BOOK HOUSE 4195.00 I SGTU 994 346.78094 JAI FL3664 03/12/2024 05/11/2024 Books
    Dewey Decimal Classification   Not For Loan LAW SGT Science & Social Sciences Library SGT Science & Social Sciences Library Reference Book 03/12/2024 COMMERCIAL BOOK HOUSE 4195.00 II SGTU 994 346.78094 JAI FL3663 03/12/2024 05/11/2024 Books
    Dewey Decimal Classification     LAW SGT Science & Social Sciences Library SGT Science & Social Sciences Library Text Book 03/12/2024 COMMERCIAL BOOK HOUSE 4195.00 II SGTU 994 346.78094 JAI FL3665 03/12/2024 05/11/2024 Books